Uplatnenie princípov cirkulárnej ekonomiky v podniku Kovohuty Dolný Kubín

Cirkulárna ekonomika predstavuje nový prístup k hospodáreniu s prírodnými zdrojmi a odpadmi, ktorý kladie dôraz na udržateľnosť efektivitu a minimalizáciu negatívnych dopadov na životné prostredie. Tento koncept sa stáva stále dôležitejším v súvislosti s rastúcimi environmentálnymi výzvami ako sú vy...

Full description

Saved in:
Bibliographic Details
Main Author: Stričík, Michal, 1969-
Other Authors: Balog, Dušan
Format: Book Chapter
Language:Slovak
Subjects:
Tags: Add Tag
No Tags, Be the first to tag this record!

MARC

LEADER 00000naa a2200000 4500
001 0306077
005 20250603134245.2
041 0 |a slo 
044 |a SK 
245 1 0 |a Uplatnenie princípov cirkulárnej ekonomiky v podniku Kovohuty Dolný Kubín  |c Michal Stričík, Dušan Balog 
520 |a Cirkulárna ekonomika predstavuje nový prístup k hospodáreniu s prírodnými zdrojmi a odpadmi, ktorý kladie dôraz na udržateľnosť efektivitu a minimalizáciu negatívnych dopadov na životné prostredie. Tento koncept sa stáva stále dôležitejším v súvislosti s rastúcimi environmentálnymi výzvami ako sú vyčerpanie prírodných zdrojov, vysoká produkcia odpadu alebo zmena klímy. Podniky majú zásadnú rolu v prechode na obehové hospodárstvo, pretože sú zodpovedné za výrobu, spotrebu aj nakladanie s materiálmi a produktmi. Tento príspevok sa zaoberá využívaním princípov cirkulárnej ekonomiky v podniku Kovohuty Dolný Kubín, s. r. o. a jeho cieľom je zhodnotiť nakladanie s odpadom a navrhnúť opatrenia a činnosti, ktoré by viedli k zlepšeniu materiálovej a environmentálnej efektivity v súlade s princípmi obehového hospodárstva. 
610 2 0 |a hospodárstvo obehové 
610 2 0 |a odpad 
610 2 0 |a prostredie životné 
610 2 0 |a zmeny klimatické 
100 1 |a Stričík, Michal, 1969- 
700 1 |a Balog, Dušan